000 00342nam a2200169Ia 4500
100 _aApte/Shaila D
650 _aDSP
250 _a2
942 _cBK
366 _f27
245 _aDigital signal processing
260 _bWiley India
_c2009
082 _a621.3822
_bAPT
300 _a466
546 _aENGLISH
_cPAMPHALETS
999 _c24151
_d24151